000 00450nam a22001457a 4500
999 _c507625
_d507625
008 190220b ||||| |||| 00| 0 eng d
100 _aSingh, Santosh K.
_92090
245 _aDalit politics and its fragments in Punjab:
_bdoes religion hold the key?
260 _c2018
300 _ap.32-36.
650 _aGovernment and politics - India - Punjab
_92091
773 _aEconomic and Political Weekly
906 _aDalits - India
942 _2ddc
_cAR